000
00222nam a22000977a 4500
999
_c
12856
_d
12856
082
_a
324.22
100
_a
Raja Rasheed Mehmood
245
_a
Quaid-e-Azam Afkar-o-Kirdar
260
_a
Pakistan
_b
Darul Noman
_c
2018
942
_c
BK